| 000 | 01090nam a22002777a 4500 | ||
|---|---|---|---|
| 005 | 20250901084233.0 | ||
| 008 | 250901b ||||| |||| 00| 0 eng d | ||
| 020 | _a9780197673546 | ||
| 020 | _a9780197673560 | ||
| 020 | _a97801976773577 | ||
| 040 |
_aCO-BoUCM _cDavid Moreno _dDavid Moreno |
||
| 041 | _aeng | ||
| 245 | 0 | 4 |
_aThe Oxford handbook of geoeconomics and economic statecraft _cVinod K. Aggarwal and Tai Ming Cheung. |
| 246 | _aHandbook of geoeconomics and economic statecraft | ||
| 260 |
_aNew York _bOxford University Press _c2025 |
||
| 300 | _axii, 548 Paginas | ||
| 504 | _aIncluye referencias bibliográficas e índices | ||
| 650 | 1 | 4 |
_aRelaciones económicas internacionales _923446 |
| 650 | 1 | 4 |
_aGeopolítica _xAspectos económicos _9181305 |
| 650 | 1 | 4 |
_aSeguridad, Internacional _xAspectos económicos _9186741 |
| 650 | 1 | 4 |
_aSeguridad nacional _xAspectos económicos _9186742 |
| 700 | 1 |
_aAggarwal, Vinod K. _eeditor _9186743 |
|
| 700 | 1 |
_aCheung, Tai Ming _eeditor _951052 |
|
| 942 |
_2DEWEY _a7 _cLIBRO _e1 _h337 _mA266o _n0 |
||
| 999 |
_c325730 _d325730 |
||